| 000 | 01358 a2200169 4500 | ||
|---|---|---|---|
| 003 | Nust | ||
| 005 | 20221022142554.0 | ||
| 040 | _cNust | ||
| 082 | _a620.3,WAL | ||
| 100 |
_aWall T.F. _9101169 |
||
| 245 |
_aTest Papers and Solutions _bon Electrical Engineering / _cT.F.Wall |
||
| 260 |
_aLondon _bGeorge Newnes _c1947 |
||
| 300 | _b312:p | ||
| 505 | _aFundamental Units Technical Units (Page-1), Structure of the Atom Conductors and Insulators the Electronic Current Electric Resistance (Page-7), Coulomb’ Law Field of Electric Force Potential (Page-29), Capacitance Dielectric Constant Energy of the Electric Field (Page-39), Current Distributors and Networks (Page-63), Thermo Electricity Piezo Electricity (Page-78), Magnetism Magnetic Materials Magnetic Testing (Page-91), Electro Magnetism (Page-114), Alternating Currents The Use of Complex Quantities (Page-129), Oscillating Systems (Page-148), Single Phase and Three Phase Alternating Current Systems Alternating Current Power (Page-176), Some Graphical Methods (Page-190), Nin sinusoidal Wave Forms (Page-213), The Penetration of Alternating Magnetic Flux and Alternating Current (Page-229), Propagations of Electric Energy along Transmission Lines and Cables (Page-289) The Propagation of Electromagnetic Waves Through Space (Page-289). | ||
| 650 | _aElectrical Engineering | ||
| 942 |
_2ddc _cBK |
||
| 999 |
_c182902 _d182902 |
||